Proyecto, propuesta de creación de un centro turístico en la Laguna Cuscachapa en la ciudad de Chalchuapa (Registro nro. 22300)
[ vista simple ]
| 000 -CABECERA | |
|---|---|
| Longitud fija campo de control | 01150nam a22002297a 4500 |
| 003 - IDENTIFICADOR DELl NÚMERO DE CONTROL | |
| Identificador del número de control | OSt |
| 005 - FECHA Y HORA DE LA ÚLTIMA TRANSACCIÓN | |
| Fecha y hora de la última transacción | 20160620110335.0 |
| 008 - CÓDIGOS DE INFORMACIÓN DE LONGITUD FIJA | |
| Códigos de información de longitud fija | 140214b2008 els spa |
| 040 ## - FUENTE DE LA CATALOGACIÓN | |
| Centro transcriptor | BMC |
| 082 ## - NÚMERO DE LA CLASIFICACIÓN DECIMAL DEWEY | |
| Númeroo de clasificación | 658 |
| 100 1# - PUNTO DE ACCESO PRINCIPAL-NOMBRE DE PERSONA | |
| 9 (RLIN) | 36043 |
| Nombre de persona | Centeno García, María de los Ángeles |
| 245 10 - MENCIÓN DE TÍTULO | |
| Título | Proyecto, propuesta de creación de un centro turístico en la Laguna Cuscachapa en la ciudad de Chalchuapa |
| Resto del título | : Informe final |
| Mención de responsabilidad, etc. | María de los Ángeles Centeno García, Silvia Elizabeth Díaz Jiménez, Carlos Alfredo Ramírez Martínez |
| 260 ## - PUBLICACIÓN, DISTRIBUCIÓN, ETC. (PIE DE IMPRENTA) | |
| Lugar de publicación, distribución, etc. | Santa Ana (El Salvador) |
| Nombre del editor, distribuidor, etc. | Universidad Católica de Occidente |
| Fecha de publicación, distribución, etc. | 2008 |
| 300 ## - DESCRIPCIÓN FÍSICA | |
| Extensión | 1 v. (pág. var.) |
| Dimensiones | 27 cm |
| Material anejo | + 1 disco compacto |
| 500 ## - NOTA GENERAL | |
| Nota general | Precede al tít.: Universidad Católica de Occidente, Facultad de Ciencias Económicas |
| 502 ## - NOTA DE TESIS | |
| Nota de tesis | Trabajo de graduación para optar al grado académico de Licenciatura en Administración de Empresas |
| 650 24 - PUNTO DE ACCESO ADICIONAL DE MATERIA - TÉRMINO DE MATERIA | |
| 9 (RLIN) | 4915 |
| Término de materia o nombre geográfico como elemento inicial | Gestión |
| 700 1# - PUNTO DE ACCESO ADICIONAL - NOMBRE DE PERSONA | |
| 9 (RLIN) | 36044 |
| Nombre de persona | Díaz Jiménez, Silvia Elizabeth |
| 700 1# - PUNTO DE ACCESO ADICIONAL - NOMBRE DE PERSONA | |
| 9 (RLIN) | 36045 |
| Nombre de persona | Ramírez Martínez, Carlos Alfredo |
| 710 2# - PUNTO DE ACCESO ADICIONAL - NOMBRE DE ENTIDAD | |
| 9 (RLIN) | 1067 |
| Nombre de entidad o nombre de jurisdicción como elemento inicial | Universidad Católica de El Salvador |
| Unidad subordinada | Facultad de Ciencias Empresariales |
| 942 ## - ENTRADA DE ELEMENTOS AGREGADOS (KOHA) | |
| Fuente de clasificaión o esquema | Dewey Decimal Classification |
| Koha [por defecto] tipo de item | 4- Trabajo de Graduación |
| Parte de clasificación | prozim |
| Suprimido | Perdido | Fuente de clasificación o esquema | Estropeado | Restricciones de uso | No para préstamo | Código de colección | Localización permanente | Localización actual | Localización en estanter&íacute;as | Fecha adquisición | Fuente de adquisición | Número de inventario | Préstamos totales | Renovaciones totales | Signatura completa | Código de barras | Fecha última consulta | Fecha último préstamo | Fecha del precio de reemplazo | Tipo de item de Koha |
|---|---|---|---|---|---|---|---|---|---|---|---|---|---|---|---|---|---|---|---|---|
| NULL | NULL | Dewey Decimal Classification | NULL | Prestable | NULL | NULL | Biblioteca Miguel de Cervantes - UNICAES | Biblioteca Miguel de Cervantes - UNICAES | Sala Principal | 08/09/2015 | Donación - María de los Ángeles Centeno García, Silvia Elizabeth Díaz Jiménez, Carlos Alfredo Ramírez Martínez | 001531 | 3 | 1 | P-001531 | 1033610 | 01/12/2017 | 27/11/2017 | 08/09/2015 | 4- Trabajo de Graduación |